000
00305nam a22001337a 4500
008
170825b xxu||||| |||| 00| 0 eng d
020
_a
9780205781423
041
_a
eng
080
_2
8 ED
_a
070
100
_a
39
101
_a
MED
245
_a
THE LAW COMMUNICATION
_c
MIDDLETON.K.R
942
_2
udc
_c
BK
999
_c
25082
_d
25082